Drapeaux de pays fusionnés - Statistiques

Statistiques générales
  • Ce quiz a été pris 96 fois
  • Le résultat moyen est 22 sur 32
Statistiques - réponses
Drapeaux fusionnés Pays % Correct
France
98%
Brésil
97%
Corée du Sud
94%
Mexique
94%
Chypre
91%
Yemen
90%
Irlande
86%
Inde
85%
Cote d'Ivoire
84%
Hongrie
83%
Pakistan
78%
Pologne
78%
Singapour
78%
Pérou
77%
Andorre
74%
République Tchèque
74%
Kosovo
69%
Madagascar
67%
Kazakhstan
66%
Mongolie
66%
Philippines
65%
Lesotho
62%
Moldavie
60%
Myanmar
57%
Libye
56%
Lituanie
55%
Tadjikistan
55%
Maldives
50%
Rwanda
45%
Zambie
43%
Sierra Leone
42%
Guinée-Bissau
24%
Aucun quiz correspondant
Distribution des résultats
% des personnes avec chaque résultat
Percentile par nombre de réponses
Votre historique - résultats
Vous n’avez pas pris ce quiz